| 000 | 00348nam a2200133Ia 4500 | ||
|---|---|---|---|
| 008 | 240624s9999 xx 000 0 und d | ||
| 041 | _aeng | ||
| 082 | _a153.94 BAR | ||
| 100 | _aBARRETT JIM | ||
| 245 | _aTEST YOURSELF TEST YOUR APTITUDE PERSONA | ||
| 260 |
_c2005 _aNew Delhi _bKogan Page |
||
| 300 | _avii, : 254 : p. : cm. ; 21 | ||
| 365 |
_cRS _b31 |
||
| 999 |
_c4786 _d4786 |
||